Aktualnyje Problemy Europy (Record no. 5730)

MARC details
000 -LEADER
fixed length control field 00414nas a22001937i 4500
001 - CONTROL NUMBER
control field 6045
003 - CONTROL NUMBER IDENTIFIER
control field OSt
005 - DATE AND TIME OF LATEST TRANSACTION
control field 20181112110145.0
007 - PHYSICAL DESCRIPTION FIXED FIELD--GENERAL INFORMATION
fixed length control field tu
008 - FIXED-LENGTH DATA ELEMENTS--GENERAL INFORMATION
fixed length control field 161220c19919999xxu||||| |||| 00| 0 d
022 ## - INTERNATIONAL STANDARD SERIAL NUMBER
International Standard Serial Number 0235-5620
024 7# - OTHER STANDARD IDENTIFIER
Standard number or code 6045
Source of number or code RID
024 7# - OTHER STANDARD IDENTIFIER
Standard number or code 6045
Source of number or code RSN (alt)
040 ## - CATALOGING SOURCE
Transcribing agency OSt
245 00 - TITLE STATEMENT
Title Aktualnyje Problemy Europy
246 11 - VARYING FORM OF TITLE
Title proper/short title Urgent Problems of Europe
260 ## - PUBLICATION, DISTRIBUTION, ETC.
Place of publication, distribution, etc. Moskau.
942 ## - ADDED ENTRY ELEMENTS (KOHA)
Koha item type Journal
Holdings
Withdrawn status Lost status Damaged status Not for loan Home library Current library Shelving location Date acquired Inventory number Total Checkouts Barcode Date last seen Price effective from Koha item type
        WIIW WIIW Library 08/04/2004 6045   10001501 01/26/2017 01/26/2017 Periodical
The Vienna Instiute for International Economic Studies (wiiw)